MARC

LEADER 00000nam0a2200000 4500
001 352937
005 20231102010539.0
010 |a 9785780103646 
035 |a (RuTPU)RU\TPU\retro\9850 
090 |a 352937 
100 |a 20200220d2010 k y0rusy50 ca 
101 0 |a rus 
102 |a RU 
105 |a y c 000zy 
200 1 |a Каталоги и справочники по электротехнике на 01.01.2010  |e указатель  |f Информэлектро, Институт промышленного развития 
210 |a Москва  |c Информэлектро  |d 2010 
215 |a 200 с. 
606 1 |a Электротехника общая  |2 stltpush  |3 (RuTPU)RU\TPU\subj\20906  |9 45967 
610 1 |a промышленные каталоги 
610 1 |a номенклатурные каталоги 
610 1 |a сводные каталоги 
610 1 |a справочники 
610 1 |a адресные справочники 
610 1 |a промышленная продукция 
610 1 |a рынок 
610 1 |a обзоры 
610 1 |a электронные материалы 
610 1 |a указатели 
675 |a 621.3(01)  |v 4 
712 0 2 |a Информэлектро, Институт промышленного развития  |c (Москва)  |2 stltpush  |3 (RuTPU)RU\TPU\col\3923  |9 23904 
801 1 |a RU  |b 63413507  |c 20200220 
801 2 |a RU  |b 63413507  |c 20200220  |g RCR 
942 |c BK